| 000 | 00439nam a2200157Ia 4500 | ||
|---|---|---|---|
| 008 | 240729s9999 xx 000 0 und d | ||
| 022 | _a2352-2429 | ||
| 245 | 0 | _aJournal of Dermatology and Dermatologic Surgery | |
| 260 | _aIndia | ||
| 260 | _bWolters Kluwer Medknow Publications | ||
| 650 | _a Dermatology | ||
| 650 | _aMedicine | ||
| 856 | _uhttps://doaj.org/toc/ff907a86d1764a20afe87758023d048f | ||
| 942 | _2ddc | ||
| 942 | _cDOAJEJ | ||
| 999 |
_c70306 _d70306 |
||
| 945 |
_a1 _bMadushi Gamage _c1 _dMadushi Gamage |
||